| 000 | 00597nam a2200253Ia 4500 | ||
|---|---|---|---|
| 008 | 180803s9999 xx 000 0 und d | ||
| 020 | _a9780590619714 | ||
| 050 | _bG149 1972 | ||
| 100 | _aGaldone, Paul | ||
| 245 | 4 | _aThe three bears / | |
| 245 | 0 | _cby Paul Galdone. | |
| 260 | _aBroadway, New York : | ||
| 260 | _bScholastic, | ||
| 260 | _c1972 | ||
| 300 | _a32 pages : | ||
| 300 | _bcolored ; | ||
| 300 | _c25cm. | ||
| 500 | _a610 | ||
| 650 | _aBear -- | ||
| 650 | _aThree bears (Tale) -- | ||
| 650 | _xJuvenile fiction. | ||
| 650 | _xJuvenile fiction. | ||
| 700 | _aTitle. | ||
| 999 |
_c358296 _d358296 |
||